|
|
|
|
| LEADER |
00000cam a2200000 i 4500 |
| 001 |
1/34955 |
| 008 |
971216s1996 gr | ||| |||| ||gre|| |
| 020 |
|
|
|a 9600404992
|
| 035 |
|
|
|1 ΕΛΗ
|a 1996
|b 2607
|c ΒΙΒΛΙΟΘΗΚΗ
|l 10039797
|
| 040 |
|
|
|a GR-MyUA
|b gre
|e AACR2
|
| 041 |
0 |
|
|a gre
|
| 082 |
0 |
|
|a 889.3
|
| 100 |
1 |
|
|a Βάρναλης, Κώστας,
|d 1883-1974.
|
| 245 |
1 |
2 |
|a Η αληθινή απολογία του Σωκράτη /
|c Κώστας Βάρναλης.
|
| 250 |
|
|
|a 17η εκδ.
|
| 260 |
|
|
|a Αθήνα :
|b Κέδρος,
|c 1996.
|
| 300 |
|
|
|a 99 σ. :
|b εικ. ;
|c 23 εκ.
|
| 500 |
|
|
|a Εικονογράφηση Γιάννης Ρίτσος.
|
| 650 |
0 |
0 |
|a Greek literature.
|
| 650 |
0 |
0 |
|a Greek literature
|x History and criticism.
|
| 852 |
|
|
|a INST
|b SAMOS
|e 19971216
|h 889.3 ΒΑΡ
|p 005300011961
|q 005300011961
|t BK
|y 0
|
| 901 |
|
|
|a BIBL-1997-2
|
| 909 |
|
|
|a Σ
|b 049844
|